| 000 | 01480nam0a2200361 4500 | ||
|---|---|---|---|
| 001 | RU\NLR\bibl\414572 | ||
| 005 | 20250622171930.0 | ||
| 021 |
_aRU _b2003-22076 _91028 |
||
| 035 | _a(NLR Aleph) 000408594 | ||
| 090 |
_a620598 _c620598 |
||
| 100 | _a20030616d2002 |||y0rusy50 ca | ||
| 101 | 0 | _arus | |
| 102 | _aRU | ||
| 105 | _aa ||||||||| | ||
| 200 | 1 |
_aЧисленные методы _eУчеб. пособие _fН.Н. Рено _gМ-во образования Рос. Федерации, Каз. гос. технол. ун-т |
|
| 210 |
_aКазань _cИзд-во Каз. гос. технол. ун-та _d2002 |
||
| 215 |
_a111 с. _cил. _d21 |
||
| 320 | _aБиблиогр.: с. 109 (7 назв.) | ||
| 606 | 0 |
_aЧисленный анализ _jРуководства, пособия и т.п. для высшей школы _9925112 _3RU\NLR\auth\6621023 |
|
| 606 | 0 |
_aЧисленный анализ _jУчебные издания для высших учебных заведений _9925112 _3RU\NLR\auth\6621023 |
|
| 610 | 0 | _aЧисленные методы | |
| 675 |
_a519.6(075.8) _v3 _zrus |
||
| 686 |
_a27.41 _2rugasnti |
||
| 686 |
_a22.19я73 _2rubbk |
||
| 686 | _aВ192.1я73-1 | ||
| 700 | 1 |
_aРено _bН. Н. _gНаталья Николаевна _4070 |
|
| 801 | 0 |
_aRU _bRKP _c20030616 _gPSBO |
|
| 801 | 1 |
_aRU _bRKP _c20030616 |
|
| 801 | 2 |
_aRU _bNLR _c20030718 _grcr |
|
| 942 | _cBOOK | ||
| 980 | _aNB | ||
| 980 | _aNBR | ||